Logo BPK

Biblioteka

Politechniki Koszalińskiej

Teksty i ćwiczenia z języka rosyjskiego / (Rekord nr 20416)

Szczegóły MARC
000 -ETYKIETA REKORDU
podpole kontrolne o stałej długości 00352nam a2200133 i 4500
001 - NUMER KONTROLNY REKORDU
pole kontrolne bg
040 ## - ŹRÓDŁO KATALOGOWANIA
Instytucja, która utworzyła rekord BPK
041 ## - KOD JĘZYKA
Kod języka tekstu pol
008 - POLE O STAŁEJ DŁUGOŚCI - DANE KONTROLNE
podpole kontrolne o stałej długości s pl f |000 0 pol
100 1# - NAZWA OSOBOWA
Nazwa osobowa WOJNARSKA-MAZURKIEWiCZ, Helena
245 #0 - TYTUŁ/ODPOWIEDZIALNOŚĆ
Tytuł Teksty i ćwiczenia z języka rosyjskiego /
Pozostałe elementy strefy tytułu i oznaczenia odpowiedzialności Helena Wojnarska-Mazurkiewicz.
260 ## - STREFA ADRESU WYDAWNICZEGO
Miejsce wydania Kielce,
Data publikacji, dystrybucji/powstania dokumentu 1980.
856 ## - LOKALIZACJA I DOSTĘP DO ELEKTRONICZNYCH DOKUMENTÓW ZDALNYCH
Link (URL) http://koha.tu.koszalin.pl/cgi-bin/koha/opac-detail.pl?biblionumber=20416
Tekst linku Katalog online BPK
942 ## - DODATKOWE ELEMENTY (KOHA)
Typ dokumentu Książka
Egzemplarze
Wycofany Status egzemplarza Uszkodzony Dostępność Lokalizacja stała Lokalizacja bieżąca Miejsce przechowywania Sygnatura Kod kreskowy Typ dokumentu
      Dostępny Biblioteka Politechniki Koszalińskiej Biblioteka Politechniki Koszalińskiej Wypożyczalnia BG 28771 01640502 Książka
© 2023 Biblioteka Politechniki Koszalińskiej :: KOHA